000 00934 a2200445 4500
000 BKB
001 069427
005 20200902150258.0
008
010 _a
020 _a
082 _a305.800954
_bI1I
100 1 _aIn diaspora
110 _a
245 1 _aIn diaspora
_cedited by Makarand Paranjape
250 _a
260 _aNew Delhi
_bIndialog Publication
_c2001
300 _a351p.
490 _a
_v
500 _a
600 _a
610 _a
611 _a
630 _a
650 _a
651 _a
654 _a
690 _aIndia; South Asia; East Indians--Foreign countries; Emigration and immigration
700 _aParanjape, Makarand, ed.
_b
_c
710 _a
_b
_c
711 _a
720 _a
730 _a
740 _a
752 _a
856 _a
_d
_f
904 _a
964 _a
_b
_c
_d
_e
_f
_g
965 _a
999 _c2973
_d2973